Guess the license plate - Picture Quiz - Statistics

General Stats
  • This quiz has been taken 466 times
  • The average score is 10 of 16
Answer Stats
Picture Answer % Correct
Switzerland
98%
Japan
96%
Lebanon
83%
Mongolia
83%
Sweden
83%
Greece
77%
Thailand
71%
China
62%
Malta
57%
Ivory Coast
56%
Cameroon
52%
Mexico
51%
South Africa
36%
Liechtenstein
35%
Malaysia
10%
New Zealand
10%
No matching quizzes found
Score Distribution
Percent of People with Each Score
Percentile by Number Answered
Your Score History
You have not taken this quiz